[Event "IECC CL4-2003.08 email"]
[Site "IECC email"]
[Date "2003.03.24"]
[Round "?"]
[White "Hopf, Werner"]
[Black "Lyew, Merrill"]
[Result "0-1"]
[WhiteElo "1749"]
[BlackElo "1673"]
[PlyCount "48"]
[EventDate "2003.??.??"]
[EventType "tourn (corr)"]
[EventRounds "4"]
[SourceTitle "Corr 2008"]
[Source "ChessBase"]
[SourceDate "2008.06.24"]
[SourceVersion "1"]
[SourceVersionDate "2008.06.24"]
[SourceQuality "1"]

1. Nf3 Nf6 2. d4 g6 3. c4 Bg7 4. g3 d5 5. Bg2 dxc4 6. 0-0 c6 7. e3 Nd5 8. Qc2 b5 9. Bd2 0-0 10. a4 Na6 11. Ne5 Bxe5 12. dxe5 Nc5 13. axb5 Nb3 14. Ra2 cxb5 15. Bc3 Bg4 16. Qe4 Be6 17. Rd1 Nb4 18. Rxd8 Raxd8 19. Bxb4 Rd1+ 20. Bf1 Bh3 21. Qg2 Bxg2 22. Kxg2 Rxb1 23. Rxa7 Rxb2 24. Bxe7 c3 0-1

[Event "IECG QE.2003.0.00036 email"]
[Site "IECG email"]
[Date "2003.02.05"]
[Round "?"]
[White "Hopf, Werner"]
[Black "Trevis, Robert R"]
[Result "1-0"]
[WhiteElo "1274"]
[BlackElo "1332"]
[PlyCount "63"]
[EventDate "2003.02.05"]
[EventType "tourn (corr)"]
[EventRounds "6"]
[SourceTitle "Corr 2008"]
[Source "ChessBase"]
[SourceDate "2008.06.24"]
[SourceVersion "1"]
[SourceVersionDate "2008.06.24"]
[SourceQuality "1"]

1. Nf3 Nf6 2. d4 d5 3. c4 dxc4 4. Nc3 c6 5. a4 Bf5 6. Nh4 Bc8 7. e3 e5 8. Bxc4 e4 9. f3 g5 10. fxe4 gxh4 11. 0-0 Be6 12. Bxe6 fxe6 13. e5 Nd5 14. e4 Nxc3 15. bxc3 Be7 16. Qh5+ Kd7 17. Rf7 Rf8 18. Rxh7 Qe8 19. Qxh4 Rf7 20. Qh5 Rxh7 21. Qxh7 c5 22. d5 Kc8 23. d6 Bd8 24. Bg5 Nd7 25. Bxd8 Qxd8 26. Qf7 Nxe5 27. Qxe6+ Nd7 28. e5 Kb8 29. Rf1 a6 30. Rf7 Kc8 31. Rg7 b5 32. Rg8 1-0

[Event "IECC CL4-2001.43"]
[Site "IECC email"]
[Date "2001.12.31"]
[Round "?"]
[White "Hopf, Werner"]
[Black "Taffijn, Aadrian"]
[Result "1-0"]
[WhiteElo "1653"]
[BlackElo "1657"]
[PlyCount "91"]
[EventDate "2001.??.??"]
[EventType "tourn (corr)"]
[EventRounds "4"]
[SourceTitle "Corr 2008"]
[Source "ChessBase"]
[SourceDate "2008.06.24"]
[SourceVersion "1"]
[SourceVersionDate "2008.06.24"]
[SourceQuality "1"]

1. Nf3 f5 2. g3 Nf6 3. Bg2 g6 4. 0-0 Bg7 5. d4 0-0 6. b4 d5 7. c4 dxc4 8. Qc2 b5 9. a4 c6 10. axb5 cxb5 11. Ng5 Nd5 12. Nc3 Nxb4 13. Qb1 N4c6 14. Qxb5 Qxd4 15. Bb2 a6 16. Qd5+ Qxd5 17. Bxd5+ Kh8 18. Nf7+ Rxf7 19. Bxf7 e6 20. Rfd1 Bd7 21. Rd6 Be5 22. Nd1 Bxb2 23. Nxb2 Kg7 24. Bxe6 Bxe6 25. Rxe6 c3 26. Nd3 a5 27. Ra4 Ra7 28. Rc4 a4 29. Nc1 Ne7 30. Rxc3 h6 31. Rd6 Nd7 32. Ra3 Nc8 33. Rd4 Ndb6 34. Nd3 Nd6 35. Rb4 Ndc4 36. Ra2 a3 37. Nb2 Nxb2 38. Rxb6 Nc4 39. Rb4 Nd6 40. f3 Kf6 41. Kf2 Ra5 42. Rb6 Ke5 43. f4+ Ke6 44. Rd2 a2 45. Rdxd6+ Ke7 46. Rd1 1-0

[Event "IECG QE.2001.0.00005"]
[Site "IECG email"]
[Date "2001.08.11"]
[Round "?"]
[White "Hopf, Werner"]
[Black "Knudsen, Niels M"]
[Result "1/2-1/2"]
[WhiteElo "1194"]
[BlackElo "1383"]
[PlyCount "103"]
[EventDate "2001.08.11"]
[EventType "tourn (corr)"]
[EventRounds "6"]
[SourceTitle "Corr 2008"]
[Source "ChessBase"]
[SourceDate "2008.06.24"]
[SourceVersion "1"]
[SourceVersionDate "2008.06.24"]
[SourceQuality "1"]

1. Nf3 Nc6 2. d4 d6 3. e4 Nf6 4. d5 Ne5 5. Nxe5 dxe5 6. Bd3 e6 7. c4 Bc5 8. 0-0 0-0 9. Nd2 exd5 10. exd5 c6 11. Nb3 Bd6 12. dxc6 e4 13. Bc2 Qc7 14. h3 Qxc6 15. Qe2 Be6 16. c5 Bxb3 17. Bxb3 Qxc5 18. Rd1 Rfd8 19. Be3 Qe5 20. g3 Qf5 21. Kh2 b6 22. Rac1 Be5 23. Qc4 Qh5 24. Bd4 Bxd4 25. Rxd4 h6 26. Rxd8+ Rxd8 27. Rc2 Qf3 28. Qe2 Qd3 29. Bc4 Qd6 30. Bb3 h5 31. Qc4 Qe7 32. Re2 h4 33. gxh4 Qe5+ 34. Kg1 Qh5 35. Re3 b5 36. Qc7 Rd7 37. Qf4 Re7 38. Rg3 Qe5 39. Qg5 Nd7 40. h5 Qxg5 41. Rxg5 Re5 42. h4 Kf8 43. Kg2 a5 44. Kg3 f6 45. Rxe5 Nxe5 46. Bd5 Nd3 47. Bxe4 Nxb2 48. Kf4 Nd1 49. Bc2 Nc3 50. a3 b4 51. axb4 axb4 52. Kf5 1/2-1/2

[Event "IECG Q3.2001.0.00097"]
[Site "IECG email"]
[Date "2001.01.18"]
[Round "?"]
[White "MacFarlane, Martin"]
[Black "Hopf, Werner"]
[Result "0-1"]
[WhiteElo "1153"]
[BlackElo "1099"]
[PlyCount "84"]
[EventDate "2001.01.18"]
[EventType "tourn (corr)"]
[EventRounds "6"]
[SourceTitle "Corr 2008"]
[Source "ChessBase"]
[SourceDate "2008.06.24"]
[SourceVersion "1"]
[SourceVersionDate "2008.06.24"]
[SourceQuality "1"]

1. c4 c5 2. Nc3 g6 3. g3 Bg7 4. Bg2 Nc6 5. e3 Nh6 6. Nge2 Nf5 7. 0-0 0-0 8. b3 a6 9. Bb2 b5 10. Rb1 Rb8 11. Nf4 bxc4 12. bxc4 Na5 13. Qe2 Bb7 14. Bxb7 Rxb7 15. d3 Qb8 16. Na4 d6 17. Nd5 Bxb2 18. Nxb2 Nc6 19. f4 e6 20. Nf6+ Kg7 21. Ne4 Rd8 22. Rf2 Qc7 23. g4 Nfe7 24. Qc2 Qa5 25. a4 Qb4 26. h4 Qb3 27. Qe2 f5 28. Ng5 Rdb8 29. Nxe6+ Kh8 30. Ng5 Nd8 31. gxf5 Nxf5 32. Ne4 Ne6 33. Qe1 Qa3 34. Qc1 Qxd3 35. Nxd3 Rxb1 36. Qe1 Rxe1+ 37. Nxe1 Rb4 38. Rd2 Nxe3 39. Rxd6 Nxf4 40. Nxc5 Rxc4 41. Kf2 Nf5 42. Rc6 Ne7 0-1

[Event "IECC CL5-2001.02"]
[Site "IECC email"]
[Date "2001.01.12"]
[Round "?"]
[White "Searson, Brendan"]
[Black "Hopf, Werner"]
[Result "1-0"]
[WhiteElo "1639"]
[BlackElo "1534"]
[PlyCount "37"]
[EventDate "2001.??.??"]
[EventType "tourn (corr)"]
[EventRounds "4"]
[SourceTitle "Corr 2008"]
[Source "ChessBase"]
[SourceDate "2008.06.24"]
[SourceVersion "1"]
[SourceVersionDate "2008.06.24"]
[SourceQuality "1"]

1. d4 d5 2. e4 dxe4 3. Nc3 Nf6 4. f3 exf3 5. Nxf3 Bg4 6. h3 Bh5 7. g4 Bg6 8. Ne5 Nbd7 9. Qf3 c6 10. Nxg6 hxg6 11. g5 Nh5 12. Bc4 e6 13. Rf1 Qe7 14. Bd2 Nb6 15. Bb3 Qc7 16. Ne4 Nc8 17. Qg4 Qd7 18. 0-0-0 Bd6 19. Rde1 1-0

[Event "IECG C3.2000.0.00143"]
[Site "IECG email"]
[Date "2000.06.17"]
[Round "?"]
[White "Hopf, Werner"]
[Black "Schleip, Torsten"]
[Result "1-0"]
[WhiteElo "1038"]
[BlackElo "1261"]
[PlyCount "63"]
[EventDate "2000.06.17"]
[EventType "tourn (corr)"]
[EventRounds "6"]
[SourceTitle "Corr 2008"]
[Source "ChessBase"]
[SourceDate "2008.06.24"]
[SourceVersion "1"]
[SourceVersionDate "2008.06.24"]
[SourceQuality "1"]

1. Nf3 c5 2. c4 Nc6 3. Nc3 e6 4. g3 Nf6 5. Bg2 d5 6. cxd5 exd5 7. d4 h6 8. 0-0 Ne4 9. Bf4 Nxc3 10. bxc3 Bd6 11. Qd2 0-0 12. dxc5 Bxc5 13. Rfd1 Be6 14. Nd4 Rc8 15. Nb3 Ba3 16. Nd4 Nxd4 17. cxd4 Bf5 18. e4 Bxe4 19. Bxe4 dxe4 20. Qe3 Qe7 21. d5 Bc5 22. d6 Qe6 23. Qb3 Qd7 24. Qd5 Rfe8 25. Re1 b6 26. Rad1 g5 27. Bxg5 Bxf2+ 28. Kxf2 Rc5 29. Qd4 hxg5 30. Kg1 Rce5 31. Qc4 Kg7 32. Qd4 1-0

[Event "IECC M email"]
[Site "IECC email"]
[Date "1999.12.13"]
[Round "?"]
[White "Ranson, James"]
[Black "Hopf, Werner"]
[Result "0-1"]
[WhiteElo "1353"]
[BlackElo "1492"]
[PlyCount "112"]
[EventDate "1999.??.??"]
[EventType "tourn (corr)"]
[EventRounds "6"]
[SourceTitle "Corr 2008"]
[Source "ChessBase"]
[SourceDate "2008.06.24"]
[SourceVersion "1"]
[SourceVersionDate "2008.06.24"]
[SourceQuality "1"]

1. d4 d5 2. c4 e6 3. Nc3 c6 4. Nf3 dxc4 5. a4 Bb4 6. g3 Nf6 7. Bg2 Nbd7 8. 0-0 0-0 9. Bg5 h6 10. Bxf6 Qxf6 11. Ne4 Qe7 12. Nfd2 e5 13. Nxc4 exd4 14. Qxd4 Nc5 15. Nxc5 Bxc5 16. Qe4 Re8 17. Qxe7 Rxe7 18. e3 Be6 19. b3 Rd8 20. Rfd1 Red7 21. Bf3 Bf5 22. Rxd7 Rxd7 23. Rd1 Rxd1+ 24. Bxd1 Bb4 25. f3 f6 26. Kg2 b5 27. e4 Be6 28. axb5 cxb5 29. Nb2 a5 30. Kf1 Bc3 31. Nd3 Bd7 32. Ke2 Bd4 33. Kd2 Kf7 34. Nc1 f5 35. Ne2 Bf6 36. exf5 Bxf5 37. Nc3 Bd7 38. Be2 b4 39. Na4 Bd4 40. Ke1 Ke6 41. Kf1 Ke5 42. Kg2 Ba7 43. f4+ Kd4 44. Nb2 Kc3 45. Nc4 Bb5 46. Nxa5 Bxe2 47. Nc6 Bb6 48. Nxb4 Kxb4 49. f5 Kxb3 50. h3 Kc3 51. g4 Kd3 52. Kg3 Ke4 53. Kh4 Bf1 54. g5 Bf2+ 55. Kh5 Kxf5 56. gxh6 Be2# 0-1

[Event "IECG QN.1999.0.00085"]
[Site "IECG email"]
[Date "1999.10.27"]
[Round "?"]
[White "Hopf, Werner"]
[Black "Meinhardt, Edmund"]
[Result "1-0"]
[WhiteElo "800"]
[BlackElo "800"]
[PlyCount "31"]
[EventDate "1999.10.27"]
[EventType "tourn (corr)"]
[EventRounds "6"]
[SourceTitle "Corr 2008"]
[Source "ChessBase"]
[SourceDate "2008.06.24"]
[SourceVersion "1"]
[SourceVersionDate "2008.06.24"]
[SourceQuality "1"]

1. Nf3 d5 2. d4 e6 3. g3 Bb4+ 4. c3 Bd6 5. Bg2 Nf6 6. 0-0 0-0 7. Nbd2 Nc6 8. c4 b6 9. b3 e5 10. cxd5 Nxd5 11. Nxe5 Nxe5 12. Bxd5 Bf5 13. Bxa8 Qxa8 14. e4 Bg4 15. f3 Bh3 16. dxe5 1-0